000 00342 a2200145 4500
001 65704
020 _a9783896171979
040 _cAnchieta - Pituba
100 _aHorn, Reinhard
240 1 0 _aKlassenhits die zugabe
_ldeu / ger
245 1 0 _aKlassenhits die zugabe
300 _a141
650 4 _aLiteratura juvenil em alemão
942 _cBK
999 _c65704
_d65704